| 000 | 00473nam a2200169 i 4500 | ||
|---|---|---|---|
| 001 | 62418 | ||
| 003 | ES-MaACL | ||
| 005 | 20230906164649.0 | ||
| 007 | t| | ||
| 008 | 031120s1981 sp ||||1| spa d | ||
| 100 | 1 |
_aFernández, Pelayo H. _9176611 |
|
| 245 | 1 | 0 |
_aIdeario etimológico de José Ortega y Gasset / _cPelayo H. Fernández. |
| 260 |
_aGijón : _b[Flores, _c1981] |
||
| 300 |
_a170 p. ; _c18 cm. |
||
| 852 |
_aES-MaACL _jL-1742 _bR.101867 |
||
| 999 |
_c62418 _d62418 |
||